Текст томруулах:    
Ethical issues in business (Бичлэгийн дугаар. 146829)
000 -УДИРДЛАГА
Удирдлага 01512nam a22002777a 4500
003 - ХЯНАЛТЫН ТОО ТОДОРХОЙЛОГЧ
Код MN-UlNUM
005 - БИЧИЛТ ХИЙСЭН ОГНОО
Тухайн бичилтийг бичсэн засварласан сүүлийн огноо 20260401171216.0
008 - ЕРӨНХИЙ МЭДЭЭЛЭЛ
Ерөнхий мэдээлэл 260401s1988 nju b 000 0 eng
020 ## - ISBN
ISBN 0132901722
-- 0132901727
040 ## - БИЧЛЭГ ҮҮСГЭГЧ БАЙГУУЛЛАГА
Бичлэг үүсгэгч номын сангийн код МУИС-ийн номын сан
084 ## - ББК АНГИЛАЛ
Нэмэлт тусгалт Нэг сэдэвт бүтээл
ББК ангилал 87.75
Зохиогчийн гурван тэмдэгт E 84
Мэдлэгийн ялгаа 87 - Гүн ухаан
245 ## - ҮНДСЭН ГАРЧИГ
Номын нэр Ethical issues in business
Бага гарчгийн мэдээ a philosophical approach
Оролцогчдын тухай мэдээ edited by Thomas Donaldson, Patricia H. Werhane
250 ## - ДАХИН ХЭВЛЭЛТ
Дахин гаралтын дугаар 3rd edition
260 ## - ГАРАЛТЫН МЭДЭЭ
Хэвлэгдсэн газар Englewood Cliffs, N.J.
Хэвлэлийн газар Prentice Hall
Хэвлэгдсэн он 1988
300 ## - МАТЕРИАЛЫН ТОДОРХОЙЛОЛТ
хуудасны тоо x, 454 p. ;
Хэмжээ 23 cm
500 ## - Тайлбар
Дансны дугаар БС 4471
505 ## - Агуулгын тэмдэглэгээ
Агуулгын тэмдэглэгээ This widely used business ethics book begins by introducing students/readers to moral reasoning. A collection of readings and cases from both philosophical literature and business articles apply ethical theory to real-life business situations. Well-known scandals involving companies like Enron, WorldCom, Tyco, Merrill Lynch, and Parmalat have increased public awareness of business ethics, underscored its importance, and ushered in a new era of increased corporate regulation and governance. Now, more than ever, a student planning on entering the business world, and anyone working for a corporation, investing in stock, or even interacting with businesses will benefit from a basic understanding of business ethics.
546 ## - ХЭЛНИЙ ТУХАЙ МЭДЭЭ
Хэл Англи хэл дээр,
653 ## - Түлхүүр үг
Түлхүүр үг business ethics
653 ## - Түлхүүр үг
Түлхүүр үг case studies
700 ## - ХАМ ЗОХИОГЧИД
Ба бус Donaldson, Thomas
700 ## - ХАМ ЗОХИОГЧИД
Ба бус Werhane, Patricia Hogue
942 ## - ЭЛЕМЕНТИЙН ТӨРӨЛ
Зүйлийн төрөл Ном